What Letter Comes Next? - Statistics

General Stats
  • This quiz has been taken 1,876 times
  • The average score is 26 of 26
Answer Stats
Hint Answer % Correct
P Q
100%
D E
99%
Q R
99%
S T
99%
V W
99%
X Y
99%
Z A
98%
A B
98%
B C
98%
C D
98%
E F
98%
F G
98%
G H
98%
H I
98%
I J
98%
J K
98%
K L
98%
L M
98%
M N
98%
N O
98%
O P
98%
R S
98%
T U
98%
U V
98%
W X
98%
Y Z
98%
No matching quizzes found
Score Distribution
Percent of People with Each Score
Percentile by Number Answered
Your Score History
You have not taken this quiz